<?xml version="1.0" encoding="UTF-8"?><?xml-stylesheet type="text/xsl" href="static/style.xsl"?><OAI-PMH xmlns="http://www.openarchives.org/OAI/2.0/" xmlns:xsi="http://www.w3.org/2001/XMLSchema-instance" xsi:schemaLocation="http://www.openarchives.org/OAI/2.0/ http://www.openarchives.org/OAI/2.0/OAI-PMH.xsd"><responseDate>2026-06-04T23:02:36Z</responseDate><request verb="GetRecord" identifier="oai:riubu.ubu.es:10259/7849" metadataPrefix="marc">https://riubu.ubu.es/oai/request</request><GetRecord><record><header><identifier>oai:riubu.ubu.es:10259/7849</identifier><datestamp>2024-03-11T23:42:17Z</datestamp><setSpec>com_10259_2699</setSpec><setSpec>col_10259_2709</setSpec></header><metadata><record xmlns="http://www.loc.gov/MARC21/slim" xmlns:doc="http://www.lyncode.com/xoai" xmlns:xsi="http://www.w3.org/2001/XMLSchema-instance" xmlns:dcterms="http://purl.org/dc/terms/" xsi:schemaLocation="http://www.loc.gov/MARC21/slim http://www.loc.gov/standards/marcxml/schema/MARC21slim.xsd">
<leader>00925njm 22002777a 4500</leader>
<datafield tag="042" ind1=" " ind2=" ">
<subfield code="a">dc</subfield>
</datafield>
<datafield tag="720" ind1=" " ind2=" ">
<subfield code="a">Sanz García, María del Carmen</subfield>
<subfield code="e">author</subfield>
</datafield>
<datafield tag="260" ind1=" " ind2=" ">
<subfield code="c">2022</subfield>
</datafield>
<datafield tag="520" ind1=" " ind2=" ">
<subfield code="a">Los juzgados de violencia sobre la mujer, adoptan una doble vertiente, ya&#xd;
que además de ventilarse en ellos la responsabilidad penal, actuando como juzgados de&#xd;
instrucción de violencia, y celebrando los juicios por delitos leves de su competencia,&#xd;
también actúan como juzgados civiles, en relación al matrimonio/pareja y familia, en el&#xd;
ámbito civil. De ahí la extraordinaria complejidad e importancia de la materia civil, por&#xd;
cuanto resuelve la situación de la pareja/familia, a nivel personal, social y económico, y&#xd;
pese a ello sigue siendo “la gran olvidada” en su desarrollo y medidas reales de apoyo.&#xd;
Por medio de este proyecto de tesis se ha investigado a través de un enfoque derivado del&#xd;
estudio de la normativa legal tanto sustantiva como procedimental y del conocimiento de&#xd;
la situación real y práctica de los juzgados, el complejo mundo familiar en violencia de&#xd;
género, sin dejar de lado el cada vez más importante aspecto internacional de la violencia,&#xd;
y el importante enfoque del interés superior del menor. Todo ello con la finalidad de&#xd;
obtener una visión general, realista y comprometida, de la pareja/ familia que se encuentra&#xd;
inmersa en un procedimiento en los juzgados de violencia de género, y precisamente por&#xd;
ello, se convierte en punto central la defensa de la mediación también en estos casos. Un&#xd;
estudio profundo de ésta, supone concluir que privar de este mecanismo en los casos&#xd;
afectados por violencia de género, mediante una prohibición absoluta, supone un&#xd;
perjuicio personal, familiar y en general para toda la sociedad.</subfield>
</datafield>
<datafield tag="024" ind2=" " ind1="8">
<subfield code="a">http://hdl.handle.net/10259/7849</subfield>
</datafield>
<datafield tag="024" ind2=" " ind1="8">
<subfield code="a">10.36443/10259/7849</subfield>
</datafield>
<datafield ind1=" " ind2=" " tag="653">
<subfield code="a">Violencia sobre la mujer</subfield>
</datafield>
<datafield ind1=" " ind2=" " tag="653">
<subfield code="a">Derecho civil</subfield>
</datafield>
<datafield ind1=" " ind2=" " tag="653">
<subfield code="a">Familia</subfield>
</datafield>
<datafield ind1=" " ind2=" " tag="653">
<subfield code="a">Libertad</subfield>
</datafield>
<datafield ind1=" " ind2=" " tag="653">
<subfield code="a">Mediación</subfield>
</datafield>
<datafield ind1=" " ind2=" " tag="653">
<subfield code="a">Gender based violence</subfield>
</datafield>
<datafield ind1=" " ind2=" " tag="653">
<subfield code="a">Civil law</subfield>
</datafield>
<datafield ind1=" " ind2=" " tag="653">
<subfield code="a">Family</subfield>
</datafield>
<datafield ind1=" " ind2=" " tag="653">
<subfield code="a">Freedom</subfield>
</datafield>
<datafield ind1=" " ind2=" " tag="653">
<subfield code="a">Mediator</subfield>
</datafield>
<datafield tag="245" ind1="0" ind2="0">
<subfield code="a">La materia civil en violencia sobre la mujer, la prohibición de la mediación</subfield>
</datafield>
</record></metadata></record></GetRecord></OAI-PMH>